Everyday Irrationality / How Pseudo-Scientists, Lunatics, and the Rest of Us Systematically Fail to Think Rationally (Record no. 3448)
[ view plain ]
| 000 -LEADER | |
|---|---|
| fixed length control field | 01222cam a22001934a 4500 |
| 005 - ΗΜΕΡΟΜΗΝΙΑ ΚΑΙ ΩΡΑ ΤΕΛΕΥΤΑΙΑΣ ΕΝΗΜΕΡΩΣΗΣ | |
| Πεδίο ελέγχου | 20250605164115.0 |
| 008 - FIXED-LENGTH DATA ELEMENTS--GENERAL INFORMATION | |
| Πεδίο ελέγχου σταθερού μήκους | 250528s ||||||||||||||||||||||||d |
| 035 ## - SYSTEM CONTROL NUMBER | |
| System control number | 18056 |
| 020 ## - ISBN | |
| ISBN | 813340268 |
| 040 ## - ΠΗΓΗ ΚΑΤΑΛΟΓΟΓΡΑΦΗΣΗΣ | |
| Φορέας πρωτότυπης καταλογογράφησης | MC Athens Campus Library |
| Γλώσσα καταλογογράφησης | Ελληνικά, Μοντέρνα (1453-) |
| Modifying agency | MC Athens Campus Library |
| Κανόνες περιγραφικής καταλογογράφησης | AACR2 |
| 245 1# - ΤΙΤΛΟΣ ΚΑΙ ΔΗΛΩΣΗ ΥΠΕΥΘΥΝΟΤΗΤΑΣ | |
| Τίτλος | Everyday Irrationality / How Pseudo-Scientists, Lunatics, and the Rest of Us Systematically Fail to Think Rationally |
| 260 ## - PUBLICATION, DISTRIBUTION, ETC. | |
| Name of publisher, distributor, etc. | Westview Press, |
| Date of publication, distribution, etc. | 2001 |
| 300 ## - PHYSICAL DESCRIPTION | |
| Extent | 228 |
| 520 ## - SUMMARY, ETC. | |
| Summary, etc. | The writer defines irrationality as adhering to beliefs that are inherently self-contradictory, not just incorrect, self-defeating, or the basis of poor decisions. Preface, Acknowledgements, Irrationality Is Abundant, Irrationality Has Consequences, Irrationality: Emotional and Cognitive and Both or Neither?, Irrationality as a ''Reasonable'' Response to an Incomplete Specification, Probabilistic Rationality and Irrationality, Tree Specific Irrationalities of Probabilistic Judgement, Good Stories, Connecting Ourselves with Others and Without Resource to a Good Story, Sexual Abuse Hysteria, Figure Versus Ground (Entry Value Versus Default Value), Rescuing Human Rationality. |
| 700 1# - ΠΡΟΣΘΕΤΗ ΑΝΑΓΡΑΦΗ--ΦΥΣΙΚΟ ΠΡΟΣΩΠΟ | |
| Personal name | Dawes Robyn M |
| 9 (RLIN) | 4345 |
| 942 ## - ADDED ENTRY ELEMENTS (KOHA) | |
| Koha item type | Books |
| Τύπος τεκμηρίου | Βιβλιοθήκη | Τρέχουσα τοποθεσία | Barcode | Αριθμός εισαγωγής | Ημερομηνία απόκτησης | Ταξιθετικό σύμβολο | Αριθμός αντιτύπου | Κατάσταση απόσυρσης | Κατάσταση χαμένου | Κατάσταση κατεστραμμένου | Μη δανεισμός | Σύνολο δανεισμών | Ημερομηνία τελευταίας εμφάνισης | Η τιμή ισχύει από |
|---|---|---|---|---|---|---|---|---|---|---|---|---|---|---|
| Books | MC Athens Campus Library | MC Athens Campus Library | 9780000034472 | 2236 | 05/06/2025 | 153.43 DAW | 1 | 05/06/2025 | 05/06/2025 |